Rozšírenie funkčnosti riadiaceho programu pre automatickú diagnostiku porúch výrobnej bunky

Uložené v:
Podrobná bibliografia
Hlavný autor: Bredschneider, Marek (Autor)
Ďalší autori: Neštický, Martin (Vedúci práce)
Médium: Rukopis Kniha
Jazyk:Slovak
Vydavateľské údaje: 2018
Predmet:
On-line prístup:http://is.stuba.sk/zp/portal_zp.pl?podrobnosti=138495
Tagy: Pridať tag
Žiadne tagy, Buďte prvý, kto otaguje tento záznam!

MARC

LEADER 00000ntm a22000003a 4500
001 stuzp67354
003 SK-STU
005 20180820154441.1
007 ta
008 150427s2015----xo-----f-mn---000-0-slo-d
040 |a STU  |b slo 
041 0 |a slo 
100 1 |a Bredschneider, Marek  |u 066000  |4 aut  |U MTF Materiálovotechnologická fakulta  |T MTF Ústav aplikovanej informatiky, automatizácie a mechatroniky  |X 8720  |U M6000  |Y 86  |7 8720 
242 0 1 |a Extend the functionality of the control program for automatic fault diagnosis production cell  |y eng 
245 1 0 |a Rozšírenie funkčnosti riadiaceho programu pre automatickú diagnostiku porúch výrobnej bunky 
260 |c 2018 
650 4 |a visualization  |2 eng 
650 4 |a automation  |2 eng 
650 4 |a PLC  |2 eng 
650 4 |a automatizácia  |2 slo 
650 4 |a vizualizácia  |2 slo 
650 4 |a PLC  |2 slo 
700 1 |a Neštický, Martin  |u 066000  |k Z1  |4 ths  |U MTF Materiálovotechnologická fakulta  |T MTF Ústav aplikovanej informatiky, automatizácie a mechatroniky  |X 48177  |U M6000  |Y 86  |7 A000048177 
856 4 |u http://is.stuba.sk/zp/portal_zp.pl?podrobnosti=138495 
996 |c M* DP-13566  |l MMSKP  |s P  |a 0  |w stuzp67354_0001